Jobb munkára, jobb tanulásra serkent KISZ-isták akcióprogramja a VIT évében /
Elmentve itt :
| Szerző: | |
|---|---|
| Dokumentumtípus: | Cikk |
| Megjelent: |
1978-01-19
|
| Sorozat: | Délmagyarország
68 No. 16 |
| Kulcsszavak: | Dékány Klára, Kommunista Ifjúsági Szövetség |
| Online Access: | http://dmarchiv.bibl.u-szeged.hu/93158 |
| LEADER | 00534nab a2200157 i 4500 | ||
|---|---|---|---|
| 001 | delm93158 | ||
| 005 | 20190520121748.0 | ||
| 008 | 190520s1978 hu o 0|| hun d | ||
| 040 | |a SZTE Délmagyarország Archívum |b hun | ||
| 041 | |a hun | ||
| 100 | 1 | |a Tandi Lajos | |
| 245 | 1 | 0 | |a Jobb munkára, jobb tanulásra serkent |h [elektronikus dokumentum] : |b KISZ-isták akcióprogramja a VIT évében / |c Tandi Lajos |
| 260 | |c 1978-01-19 | ||
| 300 | |a 5 | ||
| 490 | 0 | |a Délmagyarország |v 68 No. 16 | |
| 695 | |a Dékány Klára, Kommunista Ifjúsági Szövetség | ||